000
00201 a2200097 4500
001
11126
100
_a
Singhal, D. P.
245
_a
The Indian People
260
_a
_b
Methuen
_c
090
_c
8681
_d
8681
942
_a
NUST-CAE
_c
Gen
_c
35468
999
_c
246199
_d
246199